Continuing professional education for Japanese government officials: study destinations and motivational factors (Record no. 103429)

000 -LEADER
fixed length control field 01291pab a2200181 454500
008 - FIXED-LENGTH DATA ELEMENTS--GENERAL INFORMATION
fixed length control field 180718b2013 xxu||||| |||| 00| 0 eng d
100 ## - MAIN ENTRY--PERSONAL NAME
Personal name Noda, Ayaka
245 ## - TITLE STATEMENT
Title Continuing professional education for Japanese government officials: study destinations and motivational factors
260 ## - PUBLICATION, DISTRIBUTION, ETC.
Date of publication, distribution, etc. 2013
300 ## - PHYSICAL DESCRIPTION
Extent p.544-555.
520 ## - SUMMARY, ETC.
Summary, etc. The Japanese government's Continuing Professional Education (CPE) programs have sent officials to graduate and professional schools in Japan and abroad. This research examines the destination choice patterns of CPE participants and the reasons they choose Japanese or U.S. universities. Interviews with CPE participants suggested that U.S. schools attracted Japanese government officials by offering a wider range of courses emphasizing the integration of theory and practice. Boshier's motivational orientation model was applied to better understand CPE motivations and reasons. Notably, no participant identified "social welfare" as an important motivator, but "employment benefit" and "upgrading personal market value" factors emerged. - Reproduced.
650 ## - SUBJECT ADDED ENTRY--TOPICAL TERM
Topical term or geographic name entry element Civil service - Japan
650 ## - SUBJECT ADDED ENTRY--TOPICAL TERM
Topical term or geographic name entry element Civil service
700 ## - ADDED ENTRY--PERSONAL NAME
Personal name Kim, Mikyong Minsun
773 ## - HOST ITEM ENTRY
Main entry heading International Journal of Public Administration
908 ## - PUT COMMAND PARAMETER (RLIN)
Put command parameter N
909 ## -
-- 103433
Holdings
Withdrawn status Lost status Damaged status Not for loan Permanent Location Current Location Date acquired Serial Enumeration / chronology Barcode Date last seen Price effective from Koha item type
        Indian Institute of Public Administration Indian Institute of Public Administration 2018-07-19 Volume no: 36, Issue no: 8 AR103893 2018-07-19 2018-07-19 Articles

Powered by Koha